Capitales d'Amérique-Mort Subite - Statistiques

Statistiques générales
  • Ce quiz a été pris 315 fois
  • Le résultat moyen est 5 sur 6
Answers on the Grid
Answers color-coded by a green-red scale on the quiz's grid according to % correct below.
Washington
San Salvador
Georgetown
Brasilia
La Havane
Caracas
Sofia
Vaduz
Libreville
Kuala Lumpur
Maputo
Luanda
 
Statistiques - réponses
Réponse % Correct
Brasilia
94%
La Havane
90%
San Salvador
90%
Washington
87%
Caracas
83%
Georgetown
72%
Aucun quiz correspondant
Distribution des résultats
% des personnes avec chaque résultat
Percentile par nombre de réponses
Votre historique - résultats
Vous n’avez pas pris ce quiz